|
|
|
|
| LEADER |
00000nam a22000007a 4500 |
| 005 |
20210414221414.0 |
| 007 |
cr|||| |||| |
| 008 |
210414s2020 br |||||s|||| 00||0 por d |
| 020 |
|
|
|a 978-85-89917-59-9
|
| 035 |
|
|
|a 32517
|
| 040 |
|
|
|a vLex
|
| 090 |
|
|
|c 11455
|d 11455
|
| 100 |
1 |
|
|a Marques, Luiz Guilherme
|
| 245 |
1 |
1 |
|a A psicologia do juiz o judicir̀io do sčulo XXI
|h [Recurso electrn̤ico] /
|c Luiz Guilherme Marques
|
| 256 |
|
|
|a Servicio en ln̕ea
|
| 260 |
|
|
|a San Pablo:
|b Letras Jurídicas Editora,
|c 2010
|
| 300 |
|
|
|a 1 recurso electrn̤ico
|
| 500 |
|
|
|a "Durante muitos miln̊ios" - desde que a Justiȧ iniciou seus primeiros ensaios - aos julgadores sempre se exigiram as qualidades do conhecimento das regras jurd̕icas a serem aplicadas aos casos concretos e a mais elevada valorizaȯ̂ dos interesses coletivos, acima dos interesses individuais. Houve muitos magistrados que deixaram marcas indelv̌eis do mais respeitv̀el senso de Justiȧ, contribuindo para a evoluȯ̂ do senso moral das coletividades.
|
| 506 |
1 |
|
|a Disponible solo en los productos indicados
|d vLex Global
|d vLex Global (Academic Edition, excluding Law Schools)
|d vLex Global (U.S. Academic Edition, Law Schools)
|d vLex Global (U.S. Academic Edition, excluding Law Schools)
|d vLex Global (Academic Edition, Law Schools)
|
| 650 |
0 |
4 |
|a Derecho Pb︢lico y Administrativo
|z Brasil
|
| 650 |
0 |
4 |
|a Psicologa̕
|z Brasil
|
| 740 |
0 |
|
|a vLex Libros (Servicio en ln̕ea)
|
| 856 |
4 |
0 |
|u https://vlex.com/source/psicologia-do-juiz-o-judiciario-do-seculo-xxi-32517
|z Acceso restringido
|
| 942 |
|
|
|c BOOK
|
| 999 |
0 |
|
|a Public and Administrative Law
|
| 999 |
0 |
|
|a Psychology
|